BIOPHARMACEUTICS AND PHARMACOKINETICS (Record no. 12385)

MARC details
000 -LEADER
fixed length control field 00458nam a22001817a 4500
003 - CONTROL NUMBER IDENTIFIER
control field OSt
008 - FIXED-LENGTH DATA ELEMENTS--GENERAL INFORMATION
fixed length control field 240403b |||||||| |||| 00| 0 eng d
020 ## - INTERNATIONAL STANDARD BOOK NUMBER
International Standard Book Number 9789395161435
082 ## - DEWEY DECIMAL CLASSIFICATION NUMBER
Classification number 615.7 JAB
100 ## - MAIN ENTRY--PERSONAL NAME
Personal name JAIN,AKHLESH.K
245 ## - TITLE STATEMENT
Title BIOPHARMACEUTICS AND PHARMACOKINETICS
250 ## - EDITION STATEMENT
Edition statement 2nd
260 ## - PUBLICATION, DISTRIBUTION, ETC. (IMPRINT)
Place of publication, distribution, etc New Delhi
Name of publisher, distributor, etc S.Chand
Date of publication, distribution, etc 2023
300 ## - PHYSICAL DESCRIPTION
Extent xi,151
650 ## - SUBJECT ADDED ENTRY--TOPICAL TERM
Topical term or geographic name as entry element BIOPHARMACEUTICS AND PHARMACOKINSTICS
700 ## - ADDED ENTRY--PERSONAL NAME
Personal name MISHRA, KEERTI
942 ## - ADDED ENTRY ELEMENTS (KOHA)
Source of classification or shelving scheme Dewey Decimal Classification
Koha item type Text Books
Holdings
Withdrawn status Lost status Source of classification or shelving scheme Damaged status Not for loan Collection code Home library Current library Date acquired Source of acquisition Currency Cost, normal purchase price Bill Number Total Checkouts Full call number Acc. no. / Barcode Date last seen Actual Cost, discounted price Bill Date Koha item type Date last borrowed
    Dewey Decimal Classification     B.Pharma PIET C-LIBRARY PIET C-LIBRARY 03/04/2024 ZAFAA BOOKS RUPEES 299.00 ZBDO459   615.7 JAB BP2450 03/04/2024 203.32 23/03/2024 Reference Books  
    Dewey Decimal Classification     B.Pharma PIET C-LIBRARY PIET C-LIBRARY 03/04/2024 ZAFAA BOOKS RUPEES 299.00 ZBDO459 3 615.7 JAB BP2451 31/01/2026 203.32 23/03/2024 Text Books 21/01/2026

Design & Developed by: PIET Central Library
R70 Miles Stone Pattikalyana Samalkha Panipat 132102
mail ID :- [email protected], Phone No:- 0180-2569700 Ex.216